Top 10 Countries with the Most Debt - Statistics

General Stats
  • This quiz has been taken 84 times
  • The average score is 5 of 10
Answer Stats
Amount of Debt in USD Answer % Correct
19.23 Trillion United States of America
97%
9.087 Trillion Japan
83%
2.48 Trillion Italy
73%
1.24 Billion Spain
71%
379 Billion Greece
67%
264 Billion Portugal
58%
456.18 Billion Belgium
35%
254 Billion Singapore
14%
21.64 Billion Cyprus
11%
2.33 Billion Bhutan
0%
No matching quizzes found
Score Distribution
Percent of People with Each Score
Percentile by Number Answered
Your Score History
You have not taken this quiz